[Event "Buenos Aires ol (Women) fin-C"]
[Site "Buenos Aires"]
[Date "1978.??.??"]
[Round "1.1"]
[White "Hoiberg, Nina"]
[Black "Watai, Miyoko"]
[Result "1-0"]
[WhiteElo "1950"]
[BlackElo "1805"]
[PlyCount "97"]
[EventDate "1978.10.??"]
[EventType "team"]
[EventRounds "7"]
[EventCountry "ARG"]
[SourceTitle "EXT 2000"]
[Source "ChessBase"]
[SourceDate "1999.11.16"]
[SourceVersion "1"]
[SourceVersionDate "1999.11.16"]
[SourceQuality "1"]
[WhiteTeam "Danmark"]
[BlackTeam "Japan"]

1. e4 c5 2. Nf3 d6 3. d4 cxd4 4. Nxd4 Nf6 5. Nc3 a6 6. Be2 e6 7. O-O Be7 8. Be3
O-O 9. f4 Qc7 10. Qe1 b5 11. a3 Bb7 12. Bf3 Nbd7 13. Qg3 Rac8 14. Rae1 Kh8 15.
Qh3 Nc5 16. Bf2 Ba8 17. e5 dxe5 18. Rxe5 Bd6 19. Bxa8 Rxa8 20. Ndxb5 axb5 21.
Nxb5 Qc6 22. Nxd6 Ncd7 23. Qd3 Nxe5 24. fxe5 Ng4 25. Bd4 Kg8 26. h3 Nh6 27. Be3
Nf5 28. Nxf5 exf5 29. Qxf5 Rac8 30. c3 Qc4 31. Bd4 Rc6 32. Rf2 Re6 33. Qc2 Rb8
34. b4 Rd8 35. a4 h6 36. a5 Rxd4 37. cxd4 Qxd4 38. Qb2 Qe3 39. Qe2 Qd4 40. Qf3
Qa7 41. Qd5 Qe3 42. Qd7 Rxe5 43. Qxf7+ Kh7 44. Qf4 Qe1+ 45. Rf1 Qe2 46. Rf2
Qe1+ 47. Kh2 Rg5 48. a6 Qa1 49. Qe4+ 1-0

[Event "Buenos Aires ol (Women) fin-C"]
[Site "Buenos Aires"]
[Date "1978.??.??"]
[Round "1.2"]
[White "Takahashi, Naoko"]
[Black "Haahr, Merete"]
[Result "0-1"]
[WhiteElo "1800"]
[BlackElo "2020"]
[PlyCount "112"]
[EventDate "1978.10.??"]
[EventType "team"]
[EventRounds "7"]
[EventCountry "ARG"]
[SourceTitle "EXT 2000"]
[Source "ChessBase"]
[SourceDate "1999.11.16"]
[SourceVersion "1"]
[SourceVersionDate "1999.11.16"]
[SourceQuality "1"]
[WhiteTeam "Japan"]
[BlackTeam "Danmark"]

1. Nf3 Nf6 2. g3 d6 3. Bg2 g6 4. d4 Bg7 5. O-O O-O 6. Nbd2 Nc6 7. c3 Bf5 8. Nc4
Qc8 9. Qb3 Rb8 10. Ne3 Bh3 11. Qc2 Bxg2 12. Nxg2 e6 13. e4 d5 14. e5 Ne8 15. h4
Ne7 16. g4 c5 17. Qe2 b6 18. Nf4 h6 19. Be3 Kh7 20. Kg2 f5 21. Nh2 cxd4 22.
Bxd4 Nc7 23. Rac1 Qe8 24. g5 Nc6 25. Nf3 Qe7 26. Rh1 Rbc8 27. h5 hxg5 28. Nxg6
Qe8 29. Nxf8+ Bxf8 30. Rcg1 Qe7 31. Qe3 Bh6 32. Qd3 Rg8 33. Kf1 Ne8 34. Qb5 Nd8
35. a4 Nc7 36. Qd3 Nf7 37. Nh2 Kh8 38. Nf3 Qe8 39. Qc2 Qc6 40. Ke2 Na6 41. Qb3
Nc5 42. Qb5 Qc7 43. a5 Kh7 44. axb6 axb6 45. Ra1 g4 46. Nh4 Nxe5 47. Ra3 Nc4
48. Ra2 Qf4 49. Ra7+ Bg7 50. Be3 Qe4 51. Rg1 f4 52. Rxg4 f3+ 53. Nxf3 Qxg4 54.
Qc6 Nxe3 55. fxe3 Qg2+ 56. Ke1 Qxf3 0-1

[Event "Buenos Aires ol (Women) fin-C"]
[Site "Buenos Aires"]
[Date "1978.??.??"]
[Round "1.3"]
[White "Larsen, Ingrid"]
[Black "Nakagawa, Emiko"]
[Result "1-0"]
[WhiteElo "1930"]
[BlackElo "1800"]
[PlyCount "71"]
[EventDate "1978.10.??"]
[EventType "team"]
[EventRounds "7"]
[EventCountry "ARG"]
[SourceTitle "EXT 2002"]
[Source "ChessBase"]
[SourceDate "2001.11.25"]
[SourceVersion "1"]
[SourceVersionDate "2001.11.25"]
[SourceQuality "1"]
[WhiteTeam "Danmark"]
[BlackTeam "Japan"]

1. d4 Nf6 2. c4 g6 3. Nc3 Bg7 4. Nf3 O-O 5. g3 c6 6. Bg2 d5 7. cxd5 Nxd5 8. Bd2
Nd7 9. Nxd5 cxd5 10. O-O Nf6 11. Rc1 b6 12. Bf4 Ne4 13. Qc2 Ba6 14. Rfe1 Rc8
15. Bc7 Qd7 16. Qc6 Rfd8 17. Rc2 Bb5 18. Qxd7 Rxd7 19. Rec1 f6 20. Bf4 Rxc2 21.
Rxc2 g5 22. Bh3 gxf4 23. Be6+ Kh8 24. Rc8+ Bf8 25. Rxf8+ Kg7 26. Rg8+ Kh6 27.
Bxd7 Bxd7 28. Ra8 fxg3 29. hxg3 Bg4 30. Rxa7 e5 31. dxe5 fxe5 32. Nxe5 Bxe2 33.
Kg2 Nf6 34. f3 d4 35. Kf2 d3 36. Ra4 1-0

[Event "Buenos Aires ol (Women) fin-C"]
[Site "Buenos Aires"]
[Date "1978.??.??"]
[Round "2.1"]
[White "Houstoun, Lynne"]
[Black "Hoiberg, Nina"]
[Result "1/2-1/2"]
[WhiteElo "1800"]
[BlackElo "1950"]
[PlyCount "51"]
[EventDate "1978.10.??"]
[EventType "team"]
[EventRounds "7"]
[EventCountry "ARG"]
[SourceTitle "EXT 2002"]
[Source "ChessBase"]
[SourceDate "2001.11.25"]
[SourceVersion "1"]
[SourceVersionDate "2001.11.25"]
[SourceQuality "1"]
[WhiteTeam "Scotland"]
[BlackTeam "Danmark"]

1. e4 e5 2. Nf3 Nc6 3. Bb5 a6 4. Ba4 d6 5. O-O Bg4 6. h3 h5 7. Bxc6+ bxc6 8. d3
Bd7 9. d4 exd4 10. Nxd4 Ne7 11. Re1 Ng6 12. Qf3 Ne5 13. Qc3 Qh4 14. Nf3 Nxf3+
15. Qxf3 Be7 16. Bd2 g5 17. Qg3 Qxg3 18. fxg3 Bf6 19. Nc3 Bd4+ 20. Kf1 f6 21.
Rad1 Be5 22. Re3 Be6 23. b3 Ke7 24. Be1 Rhd8 25. Ne2 Rab8 26. c4 1/2-1/2

[Event "Buenos Aires ol (Women) fin-C"]
[Site "Buenos Aires"]
[Date "1978.??.??"]
[Round "2.2"]
[White "Haahr, Merete"]
[Black "Hindle, Kathleen"]
[Result "1-0"]
[WhiteElo "2020"]
[BlackElo "1810"]
[PlyCount "111"]
[EventDate "1978.10.??"]
[EventType "team"]
[EventRounds "7"]
[EventCountry "ARG"]
[SourceTitle "EXT 2000"]
[Source "ChessBase"]
[SourceDate "1999.11.16"]
[SourceVersion "1"]
[SourceVersionDate "1999.11.16"]
[SourceQuality "1"]
[WhiteTeam "Danmark"]
[BlackTeam "Scotland"]

1. e4 c6 2. d4 d5 3. Nc3 dxe4 4. Nxe4 Bf5 5. Ng3 Bg6 6. Nf3 Nd7 7. Bd3 Bxd3 8.
Qxd3 Ngf6 9. Bd2 e6 10. O-O-O Qc7 11. c4 O-O-O 12. Be3 h6 13. Kb1 Kb8 14. Qc2
Ng4 15. Bc1 c5 16. h3 Ngf6 17. Ne5 Nxe5 18. dxe5 Nd7 19. Rhe1 Be7 20. f4 Bh4
21. Re3 Nb6 22. b3 Rxd1 23. Qxd1 Rd8 24. Rd3 Rd4 25. Ne2 Rxd3 26. Qxd3 Qd7 27.
Kc2 Kc7 28. g3 Be7 29. Nc3 a6 30. Be3 Qc6 31. Ne4 Nd7 32. g4 Qb6 33. Bd2 Qc6
34. Bc3 Nf8 35. f5 Nd7 36. f6 Bf8 37. Nd6 gxf6 38. Nxf7 Qg2+ 39. Kb1 Qh1+ 40.
Kb2 Qg2+ 41. Ka3 Qc6 42. exf6 b5 43. Bd2 b4+ 44. Kb2 Qg2 45. g5 hxg5 46. Nxg5
Bd6 47. Nxe6+ Kc6 48. f7 Be7 49. Kc2 Ne5 50. Qd5+ Qxd5 51. cxd5+ Kxd5 52. f8=Q
Bxf8 53. Nxf8 Nf3 54. h4 Nxd2 55. Kxd2 Ke5 56. h5 1-0

[Event "Buenos Aires ol (Women) fin-C"]
[Site "Buenos Aires"]
[Date "1978.??.??"]
[Round "2.3"]
[White "Elder, Nancy"]
[Black "Larsen, Ingrid"]
[Result "1-0"]
[WhiteElo "1830"]
[BlackElo "1930"]
[PlyCount "111"]
[EventDate "1978.10.??"]
[EventType "team"]
[EventRounds "7"]
[EventCountry "ARG"]
[SourceTitle "EXT 2002"]
[Source "ChessBase"]
[SourceDate "2001.11.25"]
[SourceVersion "1"]
[SourceVersionDate "2001.11.25"]
[SourceQuality "1"]
[WhiteTeam "Scotland"]
[BlackTeam "Danmark"]

1. e4 c5 2. Nf3 Nc6 3. d4 cxd4 4. Nxd4 Nf6 5. Nc3 a6 6. Be2 d6 7. Be3 e5 8. Nb3
b5 9. a3 Bb7 10. O-O Be7 11. f3 Na5 12. Nxa5 Qxa5 13. Qd2 O-O 14. Rfd1 h6 15.
Nd5 Qd8 16. Bb6 Qd7 17. Nxe7+ Qxe7 18. Qxd6 Qxd6 19. Rxd6 Rac8 20. c3 Rc6 21.
Rad1 Rfc8 22. Kf2 Kf8 23. Ba5 Rxd6 24. Rxd6 Rc6 25. Rxc6 Bxc6 26. c4 Nd7 27.
cxb5 axb5 28. Ke3 Ke7 29. Bb4+ Ke6 30. Kd3 Nb6 31. Bf8 Kf6 32. b3 h5 33. Kc3 g6
34. Bc5 Nd7 35. Kb4 Ke6 36. Ba7 f5 37. exf5+ gxf5 38. Bxb5 Bxb5 39. Kxb5 Kd5
40. a4 e4 41. fxe4+ fxe4 42. Be3 Kd6 43. h3 Nf6 44. a5 Kc7 45. Bb6+ Kb7 46. a6+
Ka8 47. Kc4 Nd7 48. Bd4 Nb8 49. Kb5 Nd7 50. b4 Nb8 51. Kb6 Nd7+ 52. Kc7 Nb8 53.
b5 e3 54. Bxe3 h4 55. a7 Na6+ 56. Kd7 1-0

[Event "Buenos Aires ol (Women) fin-C"]
[Site "Buenos Aires"]
[Date "1978.??.??"]
[Round "3.1"]
[White "Hoiberg, Nina"]
[Black "Starr, Nava"]
[Result "1/2-1/2"]
[WhiteElo "1950"]
[BlackElo "2100"]
[PlyCount "74"]
[EventDate "1978.10.??"]
[EventType "team"]
[EventRounds "7"]
[EventCountry "ARG"]
[SourceTitle "EXT 2000"]
[Source "ChessBase"]
[SourceDate "1999.11.16"]
[SourceVersion "1"]
[SourceVersionDate "1999.11.16"]
[SourceQuality "1"]
[WhiteTeam "Danmark"]
[BlackTeam "Canada"]

1. e4 g6 2. d4 Bg7 3. Be3 c6 4. Nc3 d5 5. Nf3 dxe4 6. Nxe4 Bg4 7. Be2 Nd7 8. h3
Bxf3 9. Bxf3 Ngf6 10. Nxf6+ Nxf6 11. c3 O-O 12. Bf4 Nd5 13. Bh2 Qb6 14. Qb3
Rad8 15. O-O e6 16. Rfe1 Rd7 17. Rad1 Qxb3 18. axb3 Rfd8 19. Kf1 Kf8 20. Rd3
Ke7 21. Red1 Bh6 22. Bxd5 cxd5 23. Ke2 Rc8 24. Rf3 Bg7 25. Kd3 f6 26. Re1 Rc6
27. Rfe3 Kf7 28. b4 a6 29. Ra1 Bf8 30. Ra5 b5 31. Ra1 Be7 32. Rae1 Bd8 33. f3
Bb6 34. R3e2 Ra7 35. Ra1 Bc7 36. Bxc7 Raxc7 37. Rae1 Rd7 1/2-1/2

[Event "Buenos Aires ol (Women) fin-C"]
[Site "Buenos Aires"]
[Date "1978.??.??"]
[Round "3.2"]
[White "Day, Angela"]
[Black "Haahr, Merete"]
[Result "1/2-1/2"]
[WhiteElo "1820"]
[BlackElo "2020"]
[PlyCount "108"]
[EventDate "1978.10.??"]
[EventType "team"]
[EventRounds "7"]
[EventCountry "ARG"]
[SourceTitle "EXT 2000"]
[Source "ChessBase"]
[SourceDate "1999.11.16"]
[SourceVersion "1"]
[SourceVersionDate "1999.11.16"]
[SourceQuality "1"]
[WhiteTeam "Canada"]
[BlackTeam "Danmark"]

1. d4 Nf6 2. Nf3 d6 3. Bg5 Nc6 4. Nbd2 Bf5 5. Bxf6 gxf6 6. e4 Bg6 7. d5 Nb8 8.
Nh4 e6 9. Nxg6 hxg6 10. dxe6 fxe6 11. Qg4 Kf7 12. Bc4 Qe7 13. O-O-O Nd7 14. f4
Bh6 15. f5 Nf8 16. Bxe6+ Nxe6 17. Qxg6+ Kf8 18. fxe6 Qxe6 19. Qf5 Qxa2 20.
Qxf6+ Kg8 21. Qg6+ Bg7 22. c3 b5 23. Kc2 Rh6 24. Qf5 Rf8 25. Qxb5 Rf2 26. Qb3+
Qxb3+ 27. Kxb3 Rxg2 28. Nc4 Rh5 29. Rd5 Rhxh2 30. Rxh2 Rxh2 31. Ra5 Bf6 32.
Rxa7 Rh7 33. Ne3 Rd7 34. Nd5 Bd8 35. Ra8 Kf7 36. Ra7 Ke6 37. Ne3 Ke5 38. Ra4 c6
39. Nc4+ Ke6 40. Kc2 d5 41. exd5+ Kxd5 42. Ne3+ Kc5 43. Rg4 Kb5 44. Rg6 Rf7 45.
c4+ Kc5 46. Ng4 Bc7 47. b3 Rf3 48. Re6 Kb4 49. Rxc6 Rc3+ 50. Kd1 Ba5 51. Ne5
Kxb3 52. Rc8 Bb4 53. Ke2 Kc2 54. Nd7 Kb3 1/2-1/2

[Event "Buenos Aires ol (Women) fin-C"]
[Site "Buenos Aires"]
[Date "1978.??.??"]
[Round "3.3"]
[White "Larsen, Ingrid"]
[Black "Baltgailis, Vesma"]
[Result "1-0"]
[WhiteElo "1930"]
[BlackElo "1800"]
[PlyCount "85"]
[EventDate "1978.10.??"]
[EventType "team"]
[EventRounds "7"]
[EventCountry "ARG"]
[SourceTitle "EXT 2002"]
[Source "ChessBase"]
[SourceDate "2001.11.25"]
[SourceVersion "1"]
[SourceVersionDate "2001.11.25"]
[SourceQuality "1"]
[WhiteTeam "Danmark"]
[BlackTeam "Canada"]

1. d4 Nf6 2. c4 g6 3. Nc3 Bg7 4. e4 d6 5. Be2 O-O 6. Nf3 Nfd7 7. O-O Nc6 8. Be3
e5 9. Rc1 b6 10. Nd5 Bb7 11. b4 Rc8 12. Qd3 Ne7 13. dxe5 Nxe5 14. Nxe5 dxe5 15.
Rfd1 Nxd5 16. cxd5 Qe7 17. b5 f5 18. f3 f4 19. Bf2 Rfd8 20. Qb3 Kh8 21. Rd3 a6
22. Rdc3 a5 23. Qc2 Qd6 24. Rxc7 Bf6 25. Rxc8 Rxc8 26. Qb2 Rxc1+ 27. Qxc1 Be7
28. g3 g5 29. Bf1 Qd8 30. Bh3 Bd6 31. Be6 Kg7 32. gxf4 gxf4 33. Qf1 Qg5+ 34.
Qg2 Qxg2+ 35. Kxg2 Bc7 36. Bh4 Kf8 37. Bf6 Bd6 38. Kh3 h5 39. Kh4 Be7 40. Kg5
Ke8 41. Kf5 Kd8 42. Bxe7+ Kxe7 43. Kxe5 1-0

[Event "Buenos Aires ol (Women) fin-C"]
[Site "Buenos Aires"]
[Date "1978.??.??"]
[Round "4.1"]
[White "Patino, Rosalba"]
[Black "Hoiberg, Nina"]
[Result "1/2-1/2"]
[WhiteElo "1800"]
[BlackElo "1950"]
[PlyCount "80"]
[EventDate "1978.10.??"]
[EventType "team"]
[EventRounds "7"]
[EventCountry "ARG"]
[SourceTitle "EXT 2002"]
[Source "ChessBase"]
[SourceDate "2001.11.25"]
[SourceVersion "1"]
[SourceVersionDate "2001.11.25"]
[SourceQuality "1"]
[WhiteTeam "Columbia"]
[BlackTeam "Danmark"]

1. e4 e5 2. Nc3 Nc6 3. g3 Nf6 4. Bg2 Bc5 5. d3 d6 6. Nge2 O-O 7. O-O Be6 8. Nd5
Ne8 9. Nec3 f5 10. exf5 Bxf5 11. Be3 Bb6 12. Nxb6 axb6 13. a3 Qd7 14. Qd2 Bh3
15. Bd5+ Kh8 16. Rfe1 Nf6 17. Bh1 Ng4 18. Ne4 Qf5 19. f3 Nxe3 20. Rxe3 Qg6 21.
Bg2 Bxg2 22. Kxg2 Nd4 23. Rf1 Nf5 24. Re2 d5 25. Nc3 Nh4+ 26. Kh1 Nxf3 27. Ref2
e4 28. Nxd5 Qd6 29. Qc3 Qxd5 30. dxe4 Qxe4 31. Rxf3 Rxf3 32. Qxf3 Qxf3+ 33.
Rxf3 Rd8 34. Rf7 Rc8 35. Kg2 Kg8 36. Rd7 b5 37. Kf3 Rf8+ 38. Ke2 Rf7 39. Rd4
Re7+ 40. Kd3 Kf7 1/2-1/2

[Event "Buenos Aires ol (Women) fin-C"]
[Site "Buenos Aires"]
[Date "1978.??.??"]
[Round "4.2"]
[White "Haahr, Merete"]
[Black "Gomez, Esperanza"]
[Result "1/2-1/2"]
[WhiteElo "2020"]
[BlackElo "1800"]
[PlyCount "83"]
[EventDate "1978.10.??"]
[EventType "team"]
[EventRounds "7"]
[EventCountry "ARG"]
[SourceTitle "EXT 2000"]
[Source "ChessBase"]
[SourceDate "1999.11.16"]
[SourceVersion "1"]
[SourceVersionDate "1999.11.16"]
[SourceQuality "1"]
[WhiteTeam "Danmark"]
[BlackTeam "Columbia"]

1. e4 e5 2. Nc3 Nf6 3. d3 Nc6 4. Nf3 Bb4 5. Bd2 O-O 6. Be2 d5 7. exd5 Nxd5 8.
O-O Nxc3 9. Bxc3 Bxc3 10. bxc3 b6 11. Qd2 Bb7 12. d4 exd4 13. cxd4 Na5 14. c4
Qf6 15. Rac1 Rad8 16. Rfd1 Rfe8 17. Rc3 Ba6 18. Qc2 Bb7 19. Ne5 c5 20. Ng4 Qg6
21. d5 Qxc2 22. Rxc2 Bc8 23. Ne3 Nb7 24. Rc3 Nd6 25. Bf3 Bf5 26. Kf1 Be4 27.
Bxe4 Rxe4 28. f3 Rd4 29. a4 Re8 30. Kf2 Nf5 31. Re1 Nxe3 32. Rexe3 Rxe3 33.
Rxe3 Kf8 34. Re4 Rd2+ 35. Ke3 Ra2 36. Kf4 f6 37. Kg3 Rd2 38. h3 Kf7 39. Re6 Rd4
40. Re4 Rd2 41. Re6 Rd4 42. Re4 1/2-1/2

[Event "Buenos Aires ol (Women) fin-C"]
[Site "Buenos Aires"]
[Date "1978.??.??"]
[Round "4.3"]
[White "Zapata, Idalia"]
[Black "Larsen, Ingrid"]
[Result "1/2-1/2"]
[WhiteElo "1900"]
[BlackElo "1930"]
[PlyCount "73"]
[EventDate "1978.10.??"]
[EventType "team"]
[EventRounds "7"]
[EventCountry "ARG"]
[SourceTitle "EXT 2000"]
[Source "ChessBase"]
[SourceDate "1999.11.16"]
[SourceVersion "1"]
[SourceVersionDate "1999.11.16"]
[SourceQuality "1"]
[WhiteTeam "Columbia"]
[BlackTeam "Danmark"]

1. e4 c5 2. d4 cxd4 3. c3 Qc7 4. Nf3 Nf6 5. Bd3 Nc6 6. Nxd4 a6 7. O-O e6 8. Nd2
Ne5 9. Bc2 d5 10. exd5 exd5 11. N2f3 Bd6 12. Nxe5 Bxe5 13. f4 Bxd4+ 14. Qxd4
O-O 15. Bd2 Bd7 16. Rfe1 Rfe8 17. h3 Bc6 18. Rxe8+ Rxe8 19. Re1 Rxe1+ 20. Bxe1
Ne4 21. Qe3 f5 22. Bf2 g6 23. Bxe4 dxe4 24. Qd2 Qd7 25. Qxd7 Bxd7 26. h4 h5 27.
Bb6 Kf7 28. Kf2 Ke6 29. Ke3 Kd5 30. b4 Kc4 31. Bd4 Ba4 32. g3 Bc6 33. Kd2 Bd5
34. a4 Kb3 35. a5 Bc4 36. Bf6 Bb5 37. Bd4 1/2-1/2

[Event "Buenos Aires ol (Women) fin-C"]
[Site "Buenos Aires"]
[Date "1978.??.??"]
[Round "5.1"]
[White "Hoiberg, Nina"]
[Black "Maura Denis, Carmen Amaya"]
[Result "1-0"]
[WhiteElo "1950"]
[BlackElo "1800"]
[PlyCount "71"]
[EventDate "1978.10.??"]
[EventType "team"]
[EventRounds "7"]
[EventCountry "ARG"]
[SourceTitle "EXT 2000"]
[Source "ChessBase"]
[SourceDate "1999.11.16"]
[SourceVersion "1"]
[SourceVersionDate "1999.11.16"]
[SourceQuality "1"]
[WhiteTeam "Danmark"]
[BlackTeam "Mexico"]

1. e4 e5 2. Nf3 Nc6 3. Bc4 Bc5 4. O-O Nf6 5. d3 h6 6. a3 a5 7. Qe1 O-O 8. Be3
Bxe3 9. Qxe3 d6 10. Nbd2 Kh8 11. c3 Ng4 12. Qe2 f5 13. h3 fxe4 14. dxe4 Nf6 15.
Nh4 Qe8 16. f4 exf4 17. Nf5 Bxf5 18. exf5 Qxe2 19. Bxe2 Nd5 20. Bd3 Nce7 21. c4
Ne3 22. Rxf4 N3xf5 23. Raf1 Rae8 24. Bxf5 Nxf5 25. Rxf5 Rxf5 26. Rxf5 Kg8 27.
Kf2 b6 28. Rf3 Re5 29. g4 g6 30. Re3 Kf7 31. Rxe5 dxe5 32. Kf3 Kf6 33. Ke4 h5
34. gxh5 gxh5 35. Nf3 c5 36. h4 1-0

[Event "Buenos Aires ol (Women) fin-C"]
[Site "Buenos Aires"]
[Date "1978.??.??"]
[Round "5.2"]
[White "Escondrillas, Rosalinda"]
[Black "Haahr, Merete"]
[Result "1/2-1/2"]
[WhiteElo "1800"]
[BlackElo "2020"]
[PlyCount "81"]
[EventDate "1978.10.??"]
[EventType "team"]
[EventRounds "7"]
[EventCountry "ARG"]
[SourceTitle "EXT 2000"]
[Source "ChessBase"]
[SourceDate "1999.11.16"]
[SourceVersion "1"]
[SourceVersionDate "1999.11.16"]
[SourceQuality "1"]
[WhiteTeam "Mexico"]
[BlackTeam "Danmark"]

1. e4 e5 2. Nf3 d6 3. Nc3 Nc6 4. Bc4 Be7 5. d3 Nf6 6. Bg5 O-O 7. Qd2 Na5 8. Bb3
Nxb3 9. axb3 Bd7 10. Bxf6 Bxf6 11. Nd5 a6 12. Nxf6+ Qxf6 13. Qg5 Qxg5 14. Nxg5
h6 15. Nf3 f5 16. Nd2 Rf6 17. O-O-O a5 18. f3 Rff8 19. Nb1 Bc6 20. Nc3 Rf7 21.
d4 fxe4 22. d5 Bd7 23. Nxe4 Raf8 24. Kd2 Bf5 25. Rhe1 Bg6 26. Re2 Rf4 27. Rde1
Bf7 28. c4 g5 29. h3 b6 30. Re3 Bg6 31. R1e2 Kg7 32. b4 axb4 33. Rb3 Bxe4 34.
fxe4 Rf2 35. Rbe3 Rxe2+ 36. Rxe2 Ra8 37. Kc2 Kg6 38. Kb3 Kf7 39. Kxb4 Ra5 40.
Re3 Ra2 41. Re2 1/2-1/2

[Event "Buenos Aires ol (Women) fin-C"]
[Site "Buenos Aires"]
[Date "1978.??.??"]
[Round "5.3"]
[White "Larsen, Ingrid"]
[Black "Salazar, Taide"]
[Result "1-0"]
[WhiteElo "1930"]
[BlackElo "1800"]
[PlyCount "53"]
[EventDate "1978.10.??"]
[EventType "team"]
[EventRounds "7"]
[EventCountry "ARG"]
[SourceTitle "EXT 2000"]
[Source "ChessBase"]
[SourceDate "1999.11.16"]
[SourceVersion "1"]
[SourceVersionDate "1999.11.16"]
[SourceQuality "1"]
[WhiteTeam "Danmark"]
[BlackTeam "Mexico"]

1. d4 Nf6 2. c4 e6 3. Nc3 c6 4. Nf3 d5 5. Bd2 Be7 6. e3 Nbd7 7. Qc2 Nb6 8. b3
Bd7 9. Bd3 Qc7 10. Rc1 O-O-O 11. cxd5 exd5 12. Nb5 Qb8 13. Ne5 Rdf8 14. Bf5
Bxf5 15. Qxf5+ Nbd7 16. Nxc6 bxc6 17. Rxc6+ Kb7 18. Rc7+ Ka8 19. Rxa7+ Qxa7 20.
Nxa7 Kxa7 21. Ke2 Bd6 22. a4 g6 23. Qd3 Ra8 24. a5 Nf8 25. b4 Kb7 26. Rc1 Ne6
27. Qb5+ 1-0

[Event "Buenos Aires ol (Women) fin-C"]
[Site "Buenos Aires"]
[Date "1978.??.??"]
[Round "6.1"]
[White "Hoiberg, Nina"]
[Black "Cardoso, Ruth"]
[Result "1-0"]
[WhiteElo "1950"]
[BlackElo "1800"]
[PlyCount "93"]
[EventDate "1978.10.??"]
[EventType "team"]
[EventRounds "7"]
[EventCountry "ARG"]
[SourceTitle "EXT 2000"]
[Source "ChessBase"]
[SourceDate "1999.11.16"]
[SourceVersion "1"]
[SourceVersionDate "1999.11.16"]
[SourceQuality "1"]
[WhiteTeam "Danmark"]
[BlackTeam "Brasilien"]

1. e4 e5 2. Nf3 Nf6 3. Nc3 Nc6 4. d4 exd4 5. Nxd4 Bb4 6. Nxc6 bxc6 7. Bd3 d6 8.
Bg5 h6 9. Bh4 Qe7 10. O-O Bxc3 11. bxc3 Qe5 12. f4 Qxc3 13. e5 Nd5 14. exd6 O-O
15. dxc7 Nxc7 16. Qf3 Nd5 17. Rae1 Qc5+ 18. Kh1 Qa5 19. Be7 Nxe7 20. Rxe7 Ba6
21. c4 Rad8 22. Qe4 Rxd3 23. Qxd3 Qxa2 24. Rc1 Bc8 25. Qe4 Qa3 26. Re1 Be6 27.
Rc7 c5 28. f5 Bc8 29. Re7 Qa4 30. Re8 Bd7 31. Rxf8+ Kxf8 32. f6 gxf6 33. Qe7+
Kg7 34. Qxc5 Be6 35. Rc1 a5 36. Qc7 Qa2 37. Qg3+ Kh7 38. Qd3+ f5 39. c5 Kg6 40.
c6 a4 41. c7 Bc8 42. Qd8 Qe6 43. Qg8+ Kh5 44. Qg3 Qd7 45. Qf3+ Kg5 46. Rc4 Bb7
47. h4+ 1-0

[Event "Buenos Aires ol (Women) fin-C"]
[Site "Buenos Aires"]
[Date "1978.??.??"]
[Round "6.2"]
[White "Simonsen, Iluska"]
[Black "Haahr, Merete"]
[Result "1/2-1/2"]
[WhiteElo "1800"]
[BlackElo "2020"]
[PlyCount "141"]
[EventDate "1978.10.??"]
[EventType "team"]
[EventRounds "7"]
[EventCountry "ARG"]
[SourceTitle "EXT 2000"]
[Source "ChessBase"]
[SourceDate "1999.11.16"]
[SourceVersion "1"]
[SourceVersionDate "1999.11.16"]
[SourceQuality "1"]
[WhiteTeam "Brasilien"]
[BlackTeam "Danmark"]

1. Nf3 d6 2. g3 e5 3. d3 Nc6 4. Bg2 Be7 5. O-O Nf6 6. Nbd2 O-O 7. e4 Ne8 8. Nc4
Be6 9. Ne3 f5 10. exf5 Bxf5 11. Nxf5 Rxf5 12. c3 d5 13. Qe2 Bd6 14. Bh3 Rf8 15.
Be6+ Kh8 16. Ng5 Qe7 17. Bxd5 Nd8 18. d4 Nf6 19. Bb3 h6 20. Nf3 Nc6 21. Nh4 Qe8
22. Bc2 exd4 23. Ng6+ Kg8 24. Bb3+ Kh7 25. Nxf8+ Qxf8 26. Qd3+ Kh8 27. cxd4 Re8
28. h3 Re4 29. Be3 Qe8 30. Bc2 Qe7 31. Rae1 Nxd4 32. Bxd4 Rxe1 33. Bxf6 Rxf1+
34. Kxf1 gxf6 35. Qg6 Qg7 36. Qf5 Qf7 37. Qc8+ Kg7 38. Qxb7 Qc4+ 39. Kg2 Qxc2
40. Qxa7 Qxb2 41. a4 Qb6 42. Qa8 Bb4 43. h4 Qa5 44. Qc6 Qe5 45. h5 Qxh5 46.
Qxc7+ Qf7 47. Qc6 Qa7 48. Kh3 Be7 49. Qe4 Qd7+ 50. g4 Bc5 51. f4 Qe7 52. Qxe7+
Bxe7 53. a5 Bc5 54. Kh4 Kg6 55. a6 Bf2+ 56. Kh3 Kg7 57. Kg2 Bd4 58. Kg3 Kf7 59.
Kh4 Kg7 60. Kg3 Kg6 61. Kh4 Kf7 62. Kg3 Ke6 63. Kh4 Be3 64. Kh5 Kf7 65. Kh4 Kg7
66. Kg3 Kg6 67. Kh3 h5 68. g5 f5 69. Kg3 Bc5 70. Kh3 Bd4 71. Kg3 1/2-1/2

[Event "Buenos Aires ol (Women) fin-C"]
[Site "Buenos Aires"]
[Date "1978.??.??"]
[Round "6.3"]
[White "Larsen, Ingrid"]
[Black "Assuncao, Rossandra Mara"]
[Result "0-1"]
[WhiteElo "1930"]
[BlackElo "1800"]
[PlyCount "106"]
[EventDate "1978.10.??"]
[EventType "team"]
[EventRounds "7"]
[EventCountry "ARG"]
[SourceTitle "EXT 2000"]
[Source "ChessBase"]
[SourceDate "1999.11.16"]
[SourceVersion "1"]
[SourceVersionDate "1999.11.16"]
[SourceQuality "1"]
[WhiteTeam "Danmark"]
[BlackTeam "Brasilien"]

1. d4 g6 2. c4 Nf6 3. Nc3 Bg7 4. e4 d6 5. Be3 Nbd7 6. Nf3 O-O 7. Be2 c5 8. O-O
cxd4 9. Bxd4 b6 10. Rc1 Bb7 11. Bd3 Rc8 12. b4 a6 13. Qe2 Rc7 14. Nd5 Nxd5 15.
cxd5 Bxd4 16. Nxd4 Qc8 17. Qb2 Ne5 18. Be2 Nc4 19. Rxc4 Rxc4 20. Bxc4 Qxc4 21.
Rc1 Qd3 22. f3 Qe3+ 23. Kf1 Rc8 24. Rxc8+ Bxc8 25. Nc6 Qg5 26. Qc2 Bd7 27. a4
Qf6 28. b5 axb5 29. axb5 e6 30. Qe2 exd5 31. exd5 Qa1+ 32. Kf2 Qc1 33. Kg3 Qg5+
34. Kf2 Kg7 35. Qb2+ Qf6 36. Qb4 h5 37. h4 Kh6 38. Ke3 g5 39. g3 g4 40. fxg4
Bxg4 41. Qf4+ Kg7 42. Nd4 Qe5+ 43. Qe4 Qxg3+ 44. Nf3 Bxf3 45. Qxf3 Qxh4 46. Qf5
Qe7+ 47. Kd3 Qe5 48. Qh3 h4 49. Qg4+ Kf8 50. Qc8+ Qe8 51. Qc4 h3 52. Kd2 h2 53.
Qh4 Qe5 0-1